000 00780nam a2200253Ia 4500
003 OSt
005 20220926021038.0
006 a|||||r|||| 00| 0
007 ta
008 220923b |||||||| |||| 00| 0 eng d
020 _a9780415442732
_c467.5
037 _b885, 14/03/2014, Pranami Book Service
_cGeneral Book
040 _aRTL
_cRTL
_beng
041 _2eng
_aeng
082 _aX:513:(S), Q0
100 _aFENNIS Bob M.
245 0 _aPsychology of advertising
260 _aNew York
_bTaylor and Francis
_c2010
300 _axi, 331p.
_ccm.
650 _aCommerce
700 _a STROEBE Wolfgang.
_9276652
942 _hX:513:(S), Q0
_cGB
_2CC
999 _c635623
_d635623